Normal view
MARC view
- Stochastic systems. -Parameter estimation
Entry Topical Term
001 - CONTROL NUMBER
- control field: 4772
003 - CONTROL NUMBER IDENTIFIER
- control field: JO-AjAnu
005 - DATE AND TIME OF LATEST TRANSACTION
- control field: 20230606071058.0
008 - FIXED-LENGTH DATA ELEMENTS
- fixed length control field: 230606|| aca||aabn | a|a d
040 ## - CATALOGING SOURCE
- Original cataloging agency: JO-AjAnu
- Transcribing agency: JO-AjAnu
150 ## - HEADING--TOPICAL TERM
- Topical term or geographic name entry element: Stochastic systems. -Parameter estimation
670 ## - SOURCE DATA FOUND
- Source citation: Work cat.: (JO-AjAnu)2469: Aster, Richard/Borchers,Brian, author 4771, parameter Estimation and Inpwrse Problems